000 00755nam a22002177a 4500
010 _aENG-98672 B-689187-199
020 _c150.00
_a9788183822336
035 _aEN-82204
035 _aB-689187-199
037 _bDBAD / PUB
082 _a808.88
100 _aAhuja, Simar
245 _aMeaningful quotes /
_cby Ahuja Simar
260 _aNew Delhi
_bLotus Press
_c2010
270 _a4263/3, Ansari Road, Darya Ganj,
_bNew Delhi
_e110002
300 _a366p.
_c22cm (pbk)
505 _a
600 _aBaba Visakha Singh
_xBiography.
942 _2ddc
_cEN
_mAHU
_h808.88
999 _c39795
_d39795